La prueba /
Salvato in:
| Autore principale: | |
|---|---|
| Altri autori: | , |
| Natura: | Elettronico eBook |
| Lingua: | spagnolo italiano |
| Pubblicazione: |
Madrid :
Marcial Pons,
2008.
|
| Serie: | Colección Filosofía y derecho (Madrid, Spain)
|
| Soggetti: | |
| Accesso online: | Digitalia Hispánica |
| Tags: |
Aggiungi Tag
Nessun Tag, puoi essere il primo ad aggiungerne!!
|
MARC
| LEADER | 00000nam a2200000 i 4500 | ||
|---|---|---|---|
| 001 | DIGMPONS0331 | ||
| 003 | NyNyDIG | ||
| 007 | cr ||||||||||| | ||
| 008 | 231102s2008 sp ob 000 0 spa d | ||
| 006 | m o d | ||
| 035 | |a (OCoLC)1376726207 | ||
| 040 | |a DGITA |b eng |e rda |e pn |c DGITA | ||
| 020 | |a 9788413815190 |q eBook | ||
| 020 | |z 9788497686167 | ||
| 041 | 1 | |a spa |h ita | |
| 050 | 1 | 4 | |a K2261 ebook |
| 100 | 1 | |a Taruffo, Michele, |e author. | |
| 245 | 1 | 3 | |a La prueba / |c Michele Taruffo ; traducción de Laura Manríquez y Jordi Ferrer Beltrán. |
| 264 | 1 | |a Madrid : |b Marcial Pons, |c 2008. | |
| 300 | |a 1 online resource. | ||
| 336 | |a text |b txt |2 rdacontent | ||
| 337 | |a computer |b c |2 rdamedia | ||
| 338 | |a online resource |b cr |2 rdacarrier | ||
| 347 | |a text file |2 rdaft | ||
| 347 | |b PDF | ||
| 490 | 1 | |a Colección Filosofía y derecho | |
| 504 | |a Includes bibliographical references. | ||
| 588 | 0 | |a Online resource; title from PDF title page (Digitalia, viewed November 2, 2023) | |
| 650 | 0 | |a Evidence (Law) |x Philosophy. | |
| 700 | 1 | |a Manríquez, Laura E., |e translator. | |
| 700 | 1 | |a Ferrer Beltrán, Jordi, |e translator. | |
| 791 | 2 | |a Digitalia (Firm), |e distributor. | |
| 793 | 0 | |g Digitalia eBook Collection: |a Marcial Pons | |
| 776 | 0 | 8 | |i Print version: |a Taruffo, Michele. |t Prueba. |d Madrid : Marcial Pons, [2008] |z 9788497686167 |
| 830 | 0 | |a Colección Filosofía y derecho (Madrid, Spain) | |
| 856 | 4 | 0 | |3 Digitalia Hispánica |u https://digitalia.unach.elogim.com/a/127437/ |
| 910 | |a Premium collection: 2023 | ||